Welcome to CU Library Online Public Access Catalogue (OPAC)

APOCALYPSE NOW AND THEN (Record no. 7324)

MARC details
000 -LEADER
fixed length control field 00388nam a22001457a 4500
005 - DATE AND TIME OF LATEST TRANSACTION
control field 20250821141218.0
008 - FIXED-LENGTH DATA ELEMENTS--GENERAL INFORMATION
fixed length control field 250821b |||||||| |||| 00| 0 eng d
020 ## - INTERNATIONAL STANDARD BOOK NUMBER
International Standard Book Number 9780807067796
050 ## - LIBRARY OF CONGRESS CALL NUMBER
Classification number BL 501
Item number .K45 KEL
100 ## - MAIN ENTRY--PERSONAL NAME
Personal name KELLER, CATHERINE
245 ## - TITLE STATEMENT
Title APOCALYPSE NOW AND THEN
Statement of responsibility, etc. CATHERINE KELLER
260 ## - PUBLICATION, DISTRIBUTION, ETC.
Place of publication, distribution, etc. BOSTON
Name of publisher, distributor, etc. BEACON PRESS
Date of publication, distribution, etc. c1996
300 ## - PHYSICAL DESCRIPTION
Extent xiv, 370.;
942 ## - ADDED ENTRY ELEMENTS (KOHA)
Source of classification or shelving scheme Library of Congress Classification
Koha item type Books
Suppress in OPAC No
999 ## -
-- 7324
-- 7324
Holdings
Withdrawn status Lost status Source of classification or shelving scheme Damaged status Not for loan Collection Home library Current library Shelving location Date acquired Total checkouts Full call number Barcode Date last seen Copy number Price effective from Koha item type
    Library of Congress Classification     Non-fiction Undergraduate Library (Christ Temple) Undergraduate Library (Christ Temple) General stacks 08/21/2025   BL 501.K45 KEL ulct00004406 08/21/2025 1 08/21/2025 Books
© 2023-2024 Copyright: Central University Libraries. All Rights Reserved | Created by: Mahone Tech Office